[Event "Hannover-ch U18"]
[Site "Lehrte"]
[Date "2013.10.20"]
[Round "1"]
[White "Giesemann, Sarah"]
[Black "Brauer, Jan"]
[Result "0-1"]
[WhiteElo "884"]
[BlackElo "1457"]
[PlyCount "42"]
[EventDate "2013.10.20"]
[EventType "tourn"]
[EventRounds "7"]
[EventCountry "GER"]
[SourceTitle "EXT 2021"]
[Source "ChessBase"]
[SourceDate "2020.10.23"]
[SourceVersion "1"]
[SourceVersionDate "2020.10.23"]
[SourceQuality "1"]

1. e4 c5 2. Nc3 Nc6 3. Nf3 e6 4. b3 d5 5. Bb2 d4 6. Nb5 a6 7. Nbxd4 cxd4 8. c4 e5 9. Qc1 Nf6 10. Bd3 Nb4 11. Bb1 Nc6 12. c5 Bg4 13. Qd1 Qa5 14. h3 Bh5 15. 0-0 Bxc5 16. Bd3 Bxf3 17. gxf3 Nh5 18. Be2 Nf4 19. Bc4 Qd8 20. d3 Qg5+ 21. Kh2 Qg2# 0-1

[Event "Hannover-ch U18"]
[Site "Lehrte"]
[Date "2013.10.20"]
[Round "3"]
[White "Malcharczyk, Lea"]
[Black "Brauer, Jan"]
[Result "0-1"]
[WhiteElo "780"]
[BlackElo "1457"]
[PlyCount "106"]
[EventDate "2013.10.20"]
[EventType "tourn"]
[EventRounds "7"]
[EventCountry "GER"]
[SourceTitle "EXT 2021"]
[Source "ChessBase"]
[SourceDate "2020.10.23"]
[SourceVersion "1"]
[SourceVersionDate "2020.10.23"]
[SourceQuality "1"]

1. e4 c5 2. Nf3 Nc6 3. Bc4 a6 4. d3 b5 5. Bd5 Bb7 6. 0-0 e6 7. Bxc6 Bxc6 8. Bf4 Nf6 9. h3 Be7 10. b3 d5 11. Nbd2 dxe4 12. dxe4 Nxe4 13. Nxe4 Bxe4 14. Qxd8+ Rxd8 15. Rac1 0-0 16. Nd2 Bc6 17. Rcd1 Rd7 18. Nf3 Rxd1 19. Rxd1 Bd5 20. Nd2 c4 21. Be3 Rc8 22. Rc1 Ba3 23. Rd1 cxb3 24. cxb3 Rc2 25. Ra1 Bb2 26. Rd1 Bc3 27. a4 Bxd2 28. Bxd2 Bxb3 29. axb5 axb5 30. Ba5 h6 31. Bd2 Rc8 32. Rb1 Bc4 33. Rc1 f5 34. Re1 g5 35. g4 fxg4 36. hxg4 Rd8 37. Bc3 Rf8 38. Bd4 Rf4 39. Bc3 Rxg4+ 40. Kh2 Bd5 41. Rg1 Rxg1 42. Kxg1 Bf3 43. Kf1 g4 44. Bf6 Kf7 45. Bd8 b4 46. Ke1 b3 47. Kd2 h5 48. Kc3 Bd5 49. Bg5 Kg6 50. Be7 Kf5 51. Kb2 Kf4 52. Bh4 e5 53. Kc3 e4 0-1

[Event "Hannover-ch U16/18"]
[Site "Lehrte"]
[Date "2012.10.23"]
[Round "5"]
[White "Brauer, Jan"]
[Black "Winkler, Maximilian"]
[Result "0-1"]
[WhiteElo "1567"]
[BlackElo "1287"]
[PlyCount "108"]
[EventDate "2012.10.23"]
[EventType "swiss"]
[EventRounds "7"]
[EventCountry "GER"]
[SourceTitle "EXT 2021"]
[Source "ChessBase"]
[SourceDate "2020.10.23"]
[SourceVersion "1"]
[SourceVersionDate "2020.10.23"]
[SourceQuality "1"]

1. e4 e5 2. f4 exf4 3. Bc4 g5 4. h3 Bg7 5. d4 Nc6 6. c3 Qe7 7. Qc2 d6 8. Nf3 h6 9. Bd2 Nf6 10. Bd3 Bd7 11. Na3 0-0-0 12. 0-0-0 d5 13. e5 Nh5 14. Rde1 Rhe8 15. Rhg1 Ng3 16. c4 Be6 17. c5 f6 18. exf6 Qxf6 19. Bc3 Bf5 20. b4 Ne4 21. b5 Ne7 22. Bb4 Ng3 23. c6 Bxd3 24. Bxe7 Rxe7 25. Qxd3 bxc6 26. Rxe7 Qxe7 27. Re1 Qd6 28. Kc2 Ne4 29. bxc6 Qxc6+ 30. Kb3 Kd7 31. Kb2 Rb8+ 32. Ka1 Qc3+ 33. Qxc3 Nxc3 34. Nb1 Nb5 35. Rd1 c5 36. Ne5+ Kc8 37. Rc1 Bxe5 38. Rxc5+ Nc7 39. dxe5 Kd7 40. Nc3 Re8 41. Nxd5 Nxd5 42. Rxd5+ Ke6 43. Ra5 Kf5 44. Rxa7 Rxe5 45. Ra6 Re1+ 46. Kb2 Re2+ 47. Kb3 Rxg2 48. Rxh6 f3 49. Rh8 f2 50. Rf8+ Ke4 51. Kc3 Rg3+ 52. Kd2 Rf3 53. Re8+ Kf4 54. Rf8+ Kg3 0-1

[Event "Niedersachsen-ch U16"]
[Site "Rotenburg"]
[Date "2012.03.31"]
[Round "1"]
[White "Schumann, Steffen"]
[Black "Brauer, Jan"]
[Result "1-0"]
[WhiteElo "1777"]
[BlackElo "1325"]
[PlyCount "113"]
[EventDate "2012.03.31"]
[EventType "swiss"]
[EventRounds "9"]
[EventCountry "GER"]
[SourceTitle "EXT 2015"]
[Source "ChessBase"]
[SourceDate "2014.11.20"]
[SourceVersion "1"]
[SourceVersionDate "2014.11.20"]
[SourceQuality "1"]

1. e4 e5 2. Nf3 Nc6 3. Bb5 a6 4. Ba4 Bc5 5. 0-0 b5 6. Bb3 Nf6 7. c3 d6 8. h3 h6 9. Re1 0-0 10. d4 exd4 11. cxd4 Bb6 12. Nc3 Bb7 13. Bf4 Re8 14. d5 Na5 15. Bc2 Nc4 16. b3 Na3 17. Bd3 b4 18. Na4 Ba7 19. Bd2 a5 20. Bc1 c6 21. dxc6 Bxc6 22. Bxa3 bxa3 23. Nc3 Qb6 24. Qd2 Qb4 25. Rac1 d5 26. exd5 Nxd5 27. Nxd5 Bxd5 28. Rxe8+ Rxe8 29. Bh7+ Kxh7 30. Qxd5 Qf4 31. Qd3+ Kg8 32. Rd1 Rc8 33. Qa6 Rc1 34. Qe2 g5 35. Rxc1 Qxc1+ 36. Qe1 Qxe1+ 37. Nxe1 f5 38. Kf1 f4 39. Ke2 Kf7 40. f3 Ke6 41. Kd3 Kd5 42. Nc2 Bc5 43. Kc3 h5 44. b4 axb4+ 45. Nxb4+ Bxb4+ 46. Kxb4 Kd4 47. Kxa3 Ke3 48. Kb4 Kf2 49. a4 Kxg2 50. a5 Kxf3 51. a6 Ke2 52. a7 f3 53. a8Q f2 54. Qe4+ Kd2 55. Qf3 Ke1 56. Qe3+ Kf1 57. Qxg5 1-0